| 000 | 00634nam a2200277Ia 4500 | ||
|---|---|---|---|
| 001 | Z_844 | ||
| 003 | CHAP | ||
| 008 | 220113s1982 xx 000 0 und d | ||
| 010 | _a163938 | ||
| 040 | _cCHAP | ||
| 082 | _a636.08951 D39 | ||
| 100 |
_aDaykin, P. W. _931348 |
||
| 245 |
_aFarmacologĂa y terapeutica veterinaria / _cpor P. W. Daykin |
||
| 260 |
_aMéxico : _bCECSA, _c1982 |
||
| 300 | _a903 P. | ||
| 440 | _a | ||
| 500 | _a | ||
| 503 | _a | ||
| 650 |
_aVeterinaria _xMedicamentos I. t. _9137985 |
||
| 901 | _a636.08951 D39 | ||
| 902 | _aA | ||
| 910 | _a1982 | ||
| 942 | _c1 | ||
| 942 | _cc1 | ||
| 999 |
_c163938 _d163938 |
||